| 000 | 00493nam a2200193 4500 | ||
|---|---|---|---|
| 005 | 20260420144218.0 | ||
| 008 | 260420b |||||||| |||| 00| 0 eng d | ||
| 020 | _a9789352211951 | ||
| 040 | _cLFL | ||
| 041 | _2hn | ||
| 084 | _aV2y7M91 R0 | ||
| 100 |
_aBaranwal, Anoop _91111398 |
||
| 245 | _a Nirman Purush Dr. Ambedkar Ki Samvidhan Yatra | ||
| 250 | _a2nd. | ||
| 260 |
_aPryagraj _bLokbharti Prakashan _c2020 |
||
| 300 |
_a329p _bHB |
||
| 650 | _aConstitution | ||
| 942 |
_2CC _cTEXL |
||
| 999 |
_c1848321 _d1848321 |
||